| Tag |
First Indicator |
Second Indicator |
Subfields |
| LEADER |
00000cam a2200000 4500 |
| 001 |
in00000048709 |
| 005 |
20151007073618.0 |
| 008 |
790615s1895 at f f00010 engma |
| 010 |
|
|
|a agr20001702
|
| 035 |
|
|
|a (OCoLC)05072051
|
| 035 |
|
|
|9 AAF0030AM
|
| 040 |
|
|
|a DLC
|c VXG
|d VXG
|d TXA
|d UtOrBLW
|
| 049 |
|
|
|a TXAM
|c [102172]
|
| 090 |
|
|
|a SB202.N48
|b T87 1895
|
| 092 |
|
|
|a 584.9
|b T946a
|
| 100 |
1 |
|
|a Turner, Frederick,
|d 1852-
|
| 245 |
1 |
0 |
|a Australian grasses :
|b (with illustrations) /
|c by Fred. Turner ... Vol. 1.
|
| 264 |
|
1 |
|a Sydney :
|b C. Potter, Government printer,
|c 1895.
|
| 300 |
|
|
|a xxxviii, 63 pages :
|b 51 plates ;
|c 25 cm.
|
| 336 |
|
|
|a text
|b txt
|2 rdacontent
|
| 337 |
|
|
|a unmediated
|b n
|2 rdamedia
|
| 338 |
|
|
|a volume
|b nc
|2 rdacarrier
|
| 500 |
|
|
|a At head of title: New South Wales.
|
| 500 |
|
|
|a "Published under the authority of the ... Minister for mines and agriculture, New South Wales."--Pref.
|
| 500 |
|
|
|a No more published?
|
| 650 |
|
0 |
|a Grasses
|z Australia
|z New South Wales.
|
| 650 |
|
0 |
|a Botany
|z Australia
|z New South Wales.
|
| 710 |
1 |
|
|a New South Wales.
|b Department of Mines.
|
| 999 |
|
|
|a MARS
|
| 999 |
f |
f |
|s fba5d365-f2dc-38c3-8f70-7af932d7418b
|i 91385a6e-4f6d-309d-a384-f72ca0d1c2c6
|t 0
|
| 952 |
f |
f |
|p ric
|a Texas A&M University
|b Rellis Campus
|c Joint Library Facility
|d Remote Storage
|t 0
|e SB202.N48 T87 1895
|h Library of Congress classification
|i unmediated -- volume
|m A14800996923
|
| 952 |
f |
f |
|p normal
|a Texas A&M University
|b College Station
|c Sterling C. Evans Library
|d Evans: Microforms (3rd floor)
|t 0
|e fiche C 7365
|h Other scheme
|i unmediated -- volume
|m A14823062565
|
| 998 |
f |
f |
|a SB202.N48 T87 1895
|t 0
|l Remote Storage
|
| 998 |
f |
f |
|a fiche C 7365
|t 0
|l Evans: Microforms (3rd floor)
|